Actes des journées mathématiques à la mémoire de Jean Leray : (Record no. 16024)

000 -LEADER
fixed length control field 00956cam a22002534a 4500
020 ## - INTERNATIONAL STANDARD BOOK NUMBER
ISBN 2856291600 (pbk.)
040 ## - CATALOGING SOURCE
Transcribing agency AUXAM
082 ## - DEWEY DECIMAL CLASSIFICATION NUMBER
Classification number 574 SOC 2004 A084 Or.
245 00 - TITLE STATEMENT
Title Actes des journées mathématiques à la mémoire de Jean Leray :
Remainder of title Nantes, 2002 /
260 ## - PUBLICATION, DISTRIBUTION, ETC. (IMPRINT)
Place of publication Paris :
Name of publisher Société mathématique de France,
Year of publication 2004.
300 ## - PHYSICAL DESCRIPTION
Number of Pages xv, 207 p. :
Other physical details ill. ;
Dimensions 24 cm.
490 1# - SERIES STATEMENT
Series statement Séminaires et congrès ;
500 ## - GENERAL NOTE
General note "On the 17th and 18th of June 2002 the Laboratory of Mathematics of Nantes University ... has organised a meeting to celebrate the memory of Jean Leray"--Abstract.
650 #0 - SUBJECT ADDED ENTRY--TOPICAL TERM
Topical Term Mathematics
650 #0 - SUBJECT ADDED ENTRY--TOPICAL TERM
Topical Term Differential equations, Partial
650 #0 - SUBJECT ADDED ENTRY--TOPICAL TERM
Topical Term Functions of several complex variables
650 #0 - SUBJECT ADDED ENTRY--TOPICAL TERM
Topical Term Geometry, Differential
650 #0 - SUBJECT ADDED ENTRY--TOPICAL TERM
Topical Term Fluid mechanics
700 1# - ADDED ENTRY--PERSONAL NAME
Personal name Leray, Jean,
700 1# - ADDED ENTRY--PERSONAL NAME
Personal name Guillopé, Laurent.
700 1# - ADDED ENTRY--PERSONAL NAME
Personal name Robert, Didier.
710 2# - ADDED ENTRY--CORPORATE NAME
Corporate name or jurisdiction name as entry element Laboratoire de mathematiques Jean Leray.
942 ## - ADDED ENTRY ELEMENTS (KOHA)
Koha item type សៀវភៅភាសាអង់គ្លេស
952 ## - LOCATION AND ITEM INFORMATION (KOHA)
Withdrawn status [LOCAL, KOHA] 0
Holdings
Permanent Location Date acquired Koha item type Lost status Shelving location Barcode Current Location Full call number
Library Block A2017-12-26សៀវភៅភាសាអង់គ្លេស A084A15252Library Block A574 SOC 2004 A084 Or.
មជ្ឈមណ្ឌលឯការនៃសាកលវិទ្យាល័យភូមិន្ទកសិកម្មចំការដូង

Powered by Koha